00474nmm a2200157Ia 4500008004100000020001800041041000800059100003000067245003800097264006600135300001700201650002300218856005100241942000700292999001700299251105s9999||||xx |||||||||||||||||und|| a9791021314085 aspa aHurtado de Mendoza, Diego 0aObras de Diego Hurtado de Mendoza a[París, Francia] :bEdiciones la Biblioteca Digital, c2012 a80 páginas aSpanish literature uhttps://public.digitaliapublishing.com/a/26315 cCF c98057d98057